| 000 | 01110cam a22002055a 4500 | ||
|---|---|---|---|
| 001 | L157914 | ||
| 008 | 130717s2013 xxk f 000 0 eng d | ||
| 035 | _a(Sirsi) u157914 | ||
| 041 | 0 | _aeng | |
| 110 | 2 |
_aCluttons _92064 |
|
| 245 | 0 | 2 |
_aA new city geography _h[electronic resource] |
| 260 |
_aLondon _bCluttons _c2013 |
||
| 490 | 0 |
_aCluttons Occasional Paper Series _vSummer 2013 |
|
| 520 | _aAssesses the impact the Technology, Media and Telecommunications (TMT) sector is having on the London City and City Fringe office market sectors. There is a growing trend of mainstream companies moving into the West and East city fringe areas due to lower occupation costs and available space for expansion and able to meet requirements for flexible working practices and attract and retain young viabrant professional staff. | ||
| 590 | _aKA | ||
| 651 | 4 | _aLondon | |
| 690 |
_aCommercial property _96227 |
||
| 856 | 4 | 0 |
_uhttps://www.cluttons.com/sites/default/files/documents/A%20new%20City%20geography%20-%20Summer%202013.pdf _zView the item free of charge from the www.cluttons.com website. |
| 942 | _n0 | ||
| 999 |
_c115028 _d115028 |
||